| 000 | 00793cam a22002294a 4500 | ||
|---|---|---|---|
| 020 | _a1559639466 (hardcover : alk. paper) | ||
| 020 | _a1559639474 (pbk. : alk. paper) | ||
| 040 | _cDLC | ||
| 082 | 0 | 0 | _a174 ISL 2002 A002 Or. |
| 245 | 0 | 0 |
_aEngineering the farm : _bethical and social aspects of agricultural biotechnology / |
| 260 |
_aWashington, D.C. : _bIsland Press, _cc2002. |
||
| 300 |
_axix, 202 p. ; _c24 cm. |
||
| 650 | 0 | _aGenetic engineering | |
| 650 | 0 | _aAgricultural biotechnology | |
| 650 | 0 | _aGenetic engineering | |
| 650 | 0 | _aAgricultural biotechnology | |
| 700 | 1 | _aBailey, Britt. | |
| 700 | 1 | _aLappé, Marc. | |
| 856 | 4 | 1 | _uhttp://www.loc.gov/catdir/toc/fy037/2002002893.html |
| 856 | 4 | 2 | _uhttp://www.loc.gov/catdir/enhancements/fy0666/2002002893-d.html |
| 942 | _cEK | ||
| 999 |
_c15809 _d15809 |
||